[Event "FRA T IV 09-10"]
[Site "Champagne Ardennes"]
[Date "2009.12.13"]
[Round "4"]
[White "Dhaussy, Adrien"]
[Black "Rognion, Eric"]
[Result "1/2-1/2"]
[WhiteElo "1853"]
[BlackElo "1770"]
[PlyCount "130"]
[EventDate "2009.11.26"]
[EventType "match"]
[EventCountry "FRA"]

1. e4 Nf6 2. e5 Nd5 3. d4 d6 4. c4 Nb6 5. Nc3 g6 6. Nf3 Bg4 7. h3 Bxf3 8. Qxf3
Nc6 9. Qe4 Bg7 10. c5 dxc5 11. dxc5 Nd7 12. e6 fxe6 13. Be3 Bxc3+ 14. bxc3 Nf6
15. Qxe6 Qd5 16. Bc4 Qxe6 17. Bxe6 Nd8 18. Bc4 Nf7 19. Bd4 e5 20. Bxf7+ Kxf7
21. Bxe5 Rhe8 22. f4 Nd7 23. O-O-O Nxe5 24. fxe5 Rxe5 25. Rd7+ Re7 26. Rhd1
Rae8 27. R1d2 Rxd7 28. Rxd7+ Re7 29. Rd4 Kf6 30. Kd2 h6 31. Ra4 Rd7+ 32. Kc2 a6
33. c6 bxc6 34. Rxa6 Rd6 35. Ra5 Ke6 36. a4 Kd7 37. Ra8 c5 38. Rg8 c4 39. a5
Ra6 40. g4 g5 41. Rf8 Rxa5 42. Rf6 Ra2+ 43. Kb1 Ra3 44. Kb2 Rb3+ 45. Kc2 Rb6
46. Rf7+ Kc6 47. Kd2 Kd6 48. Ke3 Rc6 49. Kd4 Ke6 50. Rf5 Kd6 51. Rd5+ Ke6 52.
Rc5 Rxc5 53. Kxc5 Ke5 54. Kxc4 Kf4 55. Kc5 Kg3 56. Kc6 Kxh3 57. Kxc7 Kxg4 58.
Kb6 h5 59. c4 h4 60. c5 h3 61. c6 h2 62. c7 h1=Q 63. c8=Q+ Kf4 64. Qc7+ Kf5 65.
Qc5+ Kf4 1/2-1/2

[Event "FRA T IV 09-10"]
[Site "Champagne Ardennes"]
[Date "2009.12.13"]
[Round "4"]
[White "Louis, Andre"]
[Black "Cazzaro, Dorian"]
[Result "1-0"]
[WhiteElo "1854"]
[BlackElo "1856"]
[PlyCount "51"]
[EventDate "2009.11.26"]
[EventType "match"]
[EventCountry "FRA"]

1. e4 c5 2. Nf3 d6 3. d4 cxd4 4. Nxd4 Nf6 5. Nc3 g6 6. Be3 Bg7 7. f3 O-O 8. Qd2
Nc6 9. O-O-O Nd7 10. h4 a6 11. h5 Nde5 12. Nxc6 bxc6 13. Bh6 Bh8 14. hxg6 fxg6
15. f4 Nf7 16. f5 Bxc3 17. Qxc3 Nxh6 18. Rxh6 Rf6 19. Qh3 Rf7 20. Bc4 d5 21.
Qh4 Qf8 22. Rh1 Qg7 23. fxg6 Rf6 24. Rxh7 Qxg6 25. Rh8+ Kg7 26. exd5 1-0

[Event "FRA T IV 09-10"]
[Site "Champagne Ardennes"]
[Date "2010.01.24"]
[Round "5"]
[White "Boillon, Vincent"]
[Black "Schelfhout Melin, Marie"]
[Result "1/2-1/2"]
[WhiteElo "2141"]
[BlackElo "1940"]
[PlyCount "77"]
[EventDate "2009.11.26"]
[EventType "match"]
[EventCountry "FRA"]

1. d4 Nf6 2. c4 d6 3. Nc3 g6 4. e4 Bg7 5. Nge2 e5 6. f3 O-O 7. Bg5 c6 8. Qd2
Nbd7 9. Rd1 Qc7 10. Bh6 a6 11. a4 Nb6 12. Ng3 Ne8 13. Bxg7 Nxg7 14. Be2 Ne6 15.
d5 cxd5 16. cxd5 Nc5 17. Qc2 Ncxa4 18. Rc1 Nxc3 19. Qxc3 Qxc3+ 20. Rxc3 Na4 21.
Rc7 Nxb2 22. O-O Na4 23. f4 f6 24. fxe5 fxe5 25. Rxf8+ Kxf8 26. Rxh7 Kg8 27.
Rc7 Nc5 28. h4 Bd7 29. h5 gxh5 30. Nf5 Bxf5 31. exf5 Rf8 32. Bxh5 Rxf5 33. g4
Rf8 34. g5 Rf5 35. Rc8+ Rf8 36. Rc7 Rf5 37. Rc8+ Rf8 38. Rc7 Rf5 39. Rc8+
1/2-1/2

[Event "FRA T IV 09-10"]
[Site "Champagne Ardennes"]
[Date "2010.01.24"]
[Round "5"]
[White "Durant, Christophe"]
[Black "Aubriet, Laurent"]
[Result "1/2-1/2"]
[WhiteElo "1951"]
[BlackElo "2010"]
[PlyCount "43"]
[EventDate "2009.11.26"]
[EventType "match"]
[EventCountry "FRA"]

1. d4 g6 2. Nf3 Nf6 3. Bf4 d6 4. Nc3 Bg7 5. e4 O-O 6. Qd2 Bg4 7. Bh6 Nbd7 8.
Bxg7 Kxg7 9. Ng5 Nb6 10. h3 Bd7 11. Be2 h6 12. Nf3 Be6 13. g4 Bc4 14. g5 hxg5
15. Qxg5 Bxe2 16. Kxe2 Rh8 17. Rad1 Rh5 18. Qf4 Qh8 19. h4 Qh6 20. Ng5 Rf8 21.
Qg3 Rh8 22. Nf3 1/2-1/2

[Event "FRA T IV 09-10"]
[Site "Champagne Ardennes"]
[Date "2010.01.24"]
[Round "5"]
[White "Collinet, Laurent"]
[Black "Barreaud, Samuel"]
[Result "0-1"]
[WhiteElo "1890"]
[BlackElo "1890"]
[PlyCount "56"]
[EventDate "2009.11.26"]
[EventType "match"]
[EventCountry "FRA"]

1. c4 c5 2. g3 Nc6 3. Bg2 e5 4. Nc3 f5 5. d3 Nf6 6. e4 d6 7. Nge2 Be7 8. O-O
O-O 9. f4 fxe4 10. Nxe4 Qe8 11. h3 Qh5 12. N2c3 Qxd1 13. Rxd1 a6 14. Nxf6+ Bxf6
15. Nd5 Bd7 16. Nb6 Rad8 17. Bd5+ Kh8 18. Nxd7 Rxd7 19. Bxc6 bxc6 20. Rb1 Re7
21. Rf1 e4 22. dxe4 Rxe4 23. b3 Re2 24. a4 Rfe8 25. f5 Rc2 26. Bf4 Ree2 27. g4
Bd4+ 28. Kh1 Rc3 0-1

[Event "FRA T IV 09-10"]
[Site "Champagne Ardennes"]
[Date "2010.01.24"]
[Round "5"]
[White "Colin, Stephanie"]
[Black "Marchal, Ludovic"]
[Result "1-0"]
[WhiteElo "1894"]
[BlackElo "1640"]
[PlyCount "69"]
[EventDate "2009.11.26"]
[EventType "match"]
[EventCountry "FRA"]

1. d4 Nf6 2. c4 g6 3. Nc3 Bg7 4. e4 d6 5. Nf3 O-O 6. Be2 e5 7. d5 a5 8. O-O Na6
9. Ne1 Nc5 10. f3 Nh5 11. Be3 b6 12. Nd3 f5 13. Nxc5 bxc5 14. f4 Nxf4 15. Bf3
Bd7 16. Kh1 Rb8 17. Rf2 Rb4 18. b3 fxe4 19. Nxe4 a4 20. Rc1 axb3 21. axb3 h6
22. Nxc5 Bf5 23. Ne4 Qb8 24. c5 Rxb3 25. Bxf4 Bxe4 26. Bxe4 Rxf4 27. Rxf4 exf4
28. cxd6 cxd6 29. Bxg6 Rb6 30. Bf5 Qd8 31. Rc8 Qxc8 32. Bxc8 Rb2 33. Qc1 Ra2
34. Be6+ Kf8 35. Qxf4+ 1-0

[Event "FRA T IV 09-10"]
[Site "Champagne Ardennes"]
[Date "2010.01.24"]
[Round "5"]
[White "Chopin, Valerie"]
[Black "Cazzaro, Dorian"]
[Result "0-1"]
[WhiteElo "1499"]
[BlackElo "1856"]
[PlyCount "62"]
[EventDate "2009.11.26"]
[EventType "match"]
[EventCountry "FRA"]

1. d4 d5 2. g3 Nf6 3. c3 e6 4. e3 c5 5. Nf3 Nc6 6. Nbd2 Be7 7. Nb3 b6 8. c4
dxc4 9. Bxc4 cxd4 10. Nfxd4 Bb7 11. O-O Rc8 12. Qf3 O-O 13. Bxe6 Nxd4 14. Qxb7
Nxe6 15. Qf3 Ng5 16. Qe2 Qd5 17. f3 Qc4 18. Qxc4 Rxc4 19. h4 Ne6 20. Nd2 Rc2
21. Ne4 Nxe4 22. fxe4 Bc5 23. Re1 Bd6 24. g4 Bg3 25. Rd1 Bxh4 26. Rd2 Rfc8 27.
Rh2 Rxc1+ 28. Rxc1 Rxc1+ 29. Kg2 Rc2+ 30. Kh3 Rxh2+ 31. Kxh2 Bf2 0-1

[Event "FRA T IV 09-10"]
[Site "Champagne Ardennes"]
[Date "2010.01.24"]
[Round "5"]
[White "Delmont, Jean Robert"]
[Black "Crepaux, Jean Marie"]
[Result "1-0"]
[WhiteElo "1975"]
[BlackElo "1940"]
[PlyCount "55"]
[EventDate "2009.11.26"]
[EventType "match"]
[EventCountry "FRA"]

1. d4 d5 2. c4 c6 3. Nc3 Nf6 4. e3 dxc4 5. Bxc4 e6 6. Nf3 Nbd7 7. e4 Bb4 8. Qe2
Qa5 9. Bd2 O-O 10. O-O b5 11. Bd3 Re8 12. a3 Bxc3 13. Bxc3 Qb6 14. b4 Bb7 15.
Rac1 Rad8 16. Rfd1 Ba8 17. Bd2 e5 18. dxe5 Nxe5 19. Nxe5 Rxe5 20. Be3 Qa6 21.
Qb2 Ree8 22. Bg5 c5 23. bxc5 Bxe4 24. Bxb5 Rb8 25. Bxa6 Rxb2 26. c6 Bxc6 27.
Rxc6 Ne4 28. Be3 1-0

[Event "FRA T IV 09-10"]
[Site "Champagne Ardennes"]
[Date "2010.01.24"]
[Round "5"]
[White "Szylar, Eric"]
[Black "Sohier, Renaud"]
[Result "1-0"]
[WhiteElo "2063"]
[BlackElo "2040"]
[PlyCount "89"]
[EventDate "2009.11.26"]
[EventType "match"]
[EventCountry "FRA"]

1. e4 e5 2. Nc3 d6 3. f4 f5 4. fxe5 dxe5 5. Nf3 Bd6 6. exf5 Bxf5 7. Bc4 e4 8.
Qe2 Qe7 9. Nd4 Bg6 10. Qg4 Nd7 11. Nf5 Qe5 12. O-O Qxh2+ 13. Kf2 Bxf5 14. Qxf5
O-O-O 15. Qh3 Qe5 16. d3 Rf8+ 17. Kg1 Ngf6 18. Bf4 Bc5+ 19. Kh1 Qe8 20. Rae1
Nh5 21. Rxe4 Qg6 22. Be6 Ng3+ 23. Qxg3 Qxg3 24. Bxg3 Rxf1+ 25. Kh2 h5 26. Rc4
Bg1+ 27. Kh3 Bb6 28. Nd5 Rh1+ 29. Bh2 c6 30. Nxb6+ axb6 31. Ra4 Rxh2+ 32. Kxh2
Kc7 33. Rf4 Ne5 34. d4 Kd6 35. Bb3 Nd7 36. Rf7 g5 37. Rf5 g4 38. Kg3 Nf8 39.
Rf6+ Kc7 40. Rf7+ Kb8 41. Rg7 Nh7 42. Rg8+ Rxg8 43. Bxg8 Ng5 44. Kf4 h4 45.
Kxg5 1-0

[Event "FRA T IV 09-10"]
[Site "Champagne Ardennes"]
[Date "2010.01.24"]
[Round "5"]
[White "Noizet, Donatien"]
[Black "Lassalle, Arnaud"]
[Result "0-1"]
[WhiteElo "1920"]
[BlackElo "2021"]
[PlyCount "62"]
[EventDate "2009.11.26"]
[EventType "match"]
[EventCountry "FRA"]

1. e4 e6 2. d4 d5 3. exd5 exd5 4. Nf3 Bd6 5. Be3 Ne7 6. Nc3 Nbc6 7. a3 Bg4 8.
Be2 Qd7 9. h3 Bh5 10. Qd2 O-O-O 11. O-O-O f6 12. g4 Bf7 13. Rde1 h5 14. g5 Nf5
15. Bd3 Nxe3 16. fxe3 f5 17. Qg2 g6 18. h4 a6 19. Nd2 Bf8 20. Rhf1 Re8 21. Nb3
Kb8 22. Qf2 Rh7 23. Qe2 Bg8 24. Kb1 Rhe7 25. Nc5 Qd6 26. Rf3 Nxd4 27. Nxb7 Kxb7
28. Qf1 Nxf3 29. Qxf3 Bg7 30. Na4 Re4 31. Bxa6+ Kxa6 0-1

[Event "FRA T IV 09-10"]
[Site "Champagne Ardennes"]
[Date "2010.01.24"]
[Round "5"]
[White "Halfapoi, Eddine"]
[Black "Lambert, Alban"]
[Result "1/2-1/2"]
[WhiteElo "1797"]
[BlackElo "1810"]
[PlyCount "80"]
[EventDate "2009.11.26"]
[EventType "match"]
[EventCountry "FRA"]

1. e4 e5 2. Nf3 Nc6 3. Bb5 d6 4. O-O Nf6 5. Re1 Be7 6. d4 exd4 7. Nxd4 Bd7 8.
Nc3 Nxd4 9. Qxd4 O-O 10. Bg5 Bxb5 11. Nxb5 c6 12. Nc3 Qc7 13. Rad1 Rfd8 14. Rd3
Nh5 15. Bxe7 Qxe7 16. Qe3 a6 17. Qd2 Nf6 18. Qg5 Qe5 19. Qxe5 dxe5 20. Red1
Rxd3 21. Rxd3 Kf8 22. f3 Ke8 23. Na4 Rd8 24. Nc5 Rxd3 25. cxd3 b5 26. Nxa6 Kd7
27. Nc5+ Kd6 28. b4 Nd7 29. Nxd7 Kxd7 30. Kf2 Kd6 31. Ke3 c5 32. a3 g5 33. g3
f6 34. Kd2 h6 35. g4 Kc6 36. Kc3 Kd6 37. Kb3 Kc6 38. Kb2 cxb4 39. axb4 Kd6 40.
Kc3 Kc6 1/2-1/2

[Event "FRA T IV 09-10"]
[Site "Champagne Ardennes"]
[Date "2010.01.24"]
[Round "5"]
[White "Lhoest, Alain"]
[Black "Hacene, Ahmed"]
[Result "0-1"]
[WhiteElo "1760"]
[BlackElo "1812"]
[PlyCount "98"]
[EventDate "2009.11.26"]
[EventType "match"]
[EventCountry "FRA"]

1. e4 e6 2. d4 d5 3. Nd2 Nf6 4. e5 Nfd7 5. f4 c5 6. c3 cxd4 7. cxd4 Nc6 8. Ndf3
a6 9. Bd3 Qb6 10. Ne2 Bb4+ 11. Bd2 O-O 12. a3 Bxd2+ 13. Qxd2 Qd8 14. O-O b5 15.
Rac1 Na5 16. Bb1 Nc4 17. Qd3 f5 18. b4 Ndb6 19. g4 g6 20. gxf5 Rxf5 21. Qb3 Rf7
22. Ng5 Rg7 23. Qh3 Qe8 24. Rc3 Bd7 25. Qh6 Qe7 26. Rh3 Be8 27. Rd1 Ra7 28.
Rdd3 a5 29. bxa5 Nd7 30. Rb3 Nf8 31. Nc3 Rxa5 32. a4 Nd2 33. Rb2 Nxb1 34. Rxb1
bxa4 35. Na2 Qa7 36. Ra3 Qxd4+ 37. Kh1 Qc4 38. Qh3 d4 39. Rc1 Qd5+ 40. Kg1 Bc6
41. Kf2 Rb7 42. Rc2 Rb3 43. Rxb3 axb3 44. Nb4 bxc2 45. Nxd5 Bxd5 46. Qf1 Ra3
47. Qc1 Rc3 48. f5 gxf5 49. Qg1 c1=Q 0-1

[Event "FRA T IV 09-10"]
[Site "Champagne Ardennes"]
[Date "2010.01.24"]
[Round "5"]
[White "Rognion, Eric"]
[Black "Gerardin, David"]
[Result "1-0"]
[WhiteElo "1770"]
[BlackElo "1770"]
[PlyCount "103"]
[EventDate "2009.11.26"]
[EventType "match"]
[EventCountry "FRA"]

1. e4 c5 2. b4 cxb4 3. d4 e6 4. Nf3 d5 5. e5 Nc6 6. Bd3 Nge7 7. Bg5 h6 8. Be3
Nf5 9. Bxf5 exf5 10. O-O Be7 11. a3 O-O 12. axb4 Bxb4 13. c3 Be7 14. Nbd2 Be6
15. Ne1 Qe8 16. f4 b6 17. g4 Qd7 18. g5 Kh7 19. Qh5 Rg8 20. Rf3 Bf8 21. gxh6
gxh6+ 22. Kh1 Rg6 23. Ng2 Be7 24. Rh3 Rh8 25. Bf2 Kg7 26. Nh4 Bxh4 27. Bxh4 Kf8
28. Bf6 Rhg8 29. Nf3 Ke8 30. Nh4 Rg4 31. Qxh6 Ne7 32. Bg5 Ng6 33. Nxg6 fxg6 34.
Rf3 Qb5 35. Qh3 a5 36. Qh7 Qd7 37. Qxd7+ Kxd7 38. Bf6 g5 39. Bxg5 Rh8 40. Ra2
Bf7 41. Re3 Be6 42. h3 Rh5 43. Rh2 Rgxg5 44. fxg5 Rxg5 45. Rg2 Rh5 46. Rg7+ Kc6
47. Rg6 Kd7 48. Kh2 f4 49. Rf3 Rh4 50. Rf6 Bg4 51. R6xf4 Bxf3 52. Rxh4 1-0

[Event "FRA T IV 09-10"]
[Site "Champagne Ardennes"]
[Date "2010.01.24"]
[Round "5"]
[White "Noizet, Regis"]
[Black "Louis, Andre"]
[Result "1/2-1/2"]
[WhiteElo "1575"]
[BlackElo "1855"]
[PlyCount "65"]
[EventDate "2009.11.26"]
[EventType "match"]
[EventCountry "FRA"]

1. d4 f5 2. Nf3 Nf6 3. Bg5 d6 4. Nc3 Nbd7 5. Qd3 g6 6. e4 fxe4 7. Nxe4 Bg7 8.
Nxf6+ Nxf6 9. Bxf6 Bxf6 10. Qb3 d5 11. Bd3 Qd6 12. O-O O-O 13. Rae1 Kg7 14. c3
b6 15. Qc2 Bd7 16. Ne5 Be8 17. f4 e6 18. Re3 Bxe5 19. Rxe5 c5 20. Qe2 Bf7 21.
Qe3 cxd4 22. Qxd4 Qc5 23. Rxd5+ Qxd4+ 24. Rxd4 Rad8 25. Rd1 Rxd4 26. cxd4 Rd8
27. Bb1 h6 28. h4 Kf6 29. Kf2 Be8 30. Ke3 Bc6 31. Rd2 Bd5 32. a3 Rc8 33. Bc2
1/2-1/2

[Event "FRA T IV 09-10"]
[Site "Champagne Ardennes"]
[Date "2010.01.24"]
[Round "5"]
[White "Guillaume, Jean Francois"]
[Black "Collin, Patrick"]
[Result "1-0"]
[WhiteElo "1836"]
[BlackElo "1730"]
[PlyCount "114"]
[EventDate "2009.11.26"]
[EventType "match"]
[EventCountry "FRA"]

1. Nf3 Nc6 2. g3 d5 3. Bg2 e5 4. d3 Be7 5. O-O Nf6 6. Nbd2 O-O 7. e4 dxe4 8.
dxe4 Bg4 9. Re1 Qd7 10. c3 Rad8 11. Qc2 Kh8 12. Nc4 Bxf3 13. Bxf3 Qd3 14. Qxd3
Rxd3 15. Kg2 b5 16. Ne3 Rdd8 17. Nd5 Ne8 18. Be3 a6 19. a4 Bd6 20. axb5 axb5
21. Be2 b4 22. Bb5 Ne7 23. Nxb4 Bxb4 24. cxb4 Nd6 25. Bc5 Rb8 26. Ba4 Nec8 27.
Red1 Rd8 28. f3 Nb6 29. Bc6 g6 30. b3 Nbc8 31. Ba4 Nb6 32. Bc6 Nbc8 33. Rac1
Kg7 34. Ba4 Nb6 35. Bc6 Kf8 36. f4 f6 37. fxe5 fxe5 38. b5 Ke7 39. Ra1 Nbc8 40.
Rf1 Rf8 41. Rfc1 Rd8 42. Bb4 Rf8 43. Rc5 Ke6 44. Bc3 Nf7 45. Ba5 Nb6 46. Rac1
Nd8 47. Bd5+ Nxd5 48. exd5+ Ke7 49. Rxc7+ Kd6 50. Bb4+ Kxd5 51. Bxf8 Ne6 52.
Rd7+ Ke4 53. Be7 Rxb5 54. h4 h5 55. Rd6 Nd4 56. Rxg6 Nf5 57. Re1+ Kd3 1-0

[Event "FRA T IV 09-10"]
[Site "Champagne Ardennes"]
[Date "2010.01.24"]
[Round "5"]
[White "Moret, Florian"]
[Black "Guyot, Philippe"]
[Result "0-1"]
[WhiteElo "1890"]
[BlackElo "2010"]
[PlyCount "56"]
[EventDate "2009.11.26"]
[EventType "match"]
[EventCountry "FRA"]

1. e4 e6 2. d4 d5 3. e5 c5 4. c3 Nc6 5. Nf3 Nge7 6. Bd3 cxd4 7. cxd4 Nf5 8.
Bxf5 exf5 9. Nc3 Be6 10. Qb3 Rb8 11. O-O Be7 12. Rd1 g5 13. Nb5 f4 14. Nd6+
Bxd6 15. exd6 O-O 16. h3 Kh8 17. Nxg5 Qxg5 18. Qf3 Rg8 19. Bxf4 Qg6 20. Rac1
Bf5 21. Rc3 Be4 22. Qg3 Qe6 23. Qh4 Rxg2+ 24. Kf1 Rg6 25. Rg3 Rxg3 26. Bxg3 Bf5
27. d7 Rd8 28. Rd2 Rxd7 {Tombé} 0-1

[Event "FRA T IV 09-10"]
[Site "Champagne Ardennes"]
[Date "2010.01.24"]
[Round "5"]
[White "Hascher, Nicolas"]
[Black "Rouable, Denis"]
[Result "1/2-1/2"]
[WhiteElo "1976"]
[BlackElo "1830"]
[PlyCount "64"]
[EventDate "2009.11.26"]
[EventType "match"]
[EventCountry "FRA"]

1. d4 d5 2. c4 e6 3. Nc3 Nf6 4. Nf3 Be7 5. Bg5 b6 6. cxd5 Nxd5 7. Bxe7 Qxe7 8.
Nxd5 exd5 9. g3 O-O 10. Bg2 Be6 11. O-O Nd7 12. Rc1 c5 13. Re1 Rfc8 14. Qa4 a6
15. Nh4 b5 16. Qd1 cxd4 17. Qxd4 Qf6 18. Nf3 Rc4 19. Qxf6 Nxf6 20. b3 Rcc8 21.
Nd4 Kf8 22. Kf1 g6 23. e3 Rab8 24. Ke2 Ke8 25. h3 Kd7 26. Red1 Rxc1 27. Rxc1
Rc8 28. Rxc8 Kxc8 29. b4 Kc7 30. a3 Nd7 31. e4 Nb6 32. exd5 Bxd5 1/2-1/2

[Event "FRA T IV 09-10"]
[Site "Champagne Ardennes"]
[Date "2010.01.24"]
[Round "5"]
[White "Fister, Bernard"]
[Black "Tournier, Timothee"]
[Result "0-1"]
[WhiteElo "1760"]
[BlackElo "1900"]
[PlyCount "38"]
[EventDate "2009.11.26"]
[EventType "match"]
[EventCountry "FRA"]

1. f4 c5 2. Nf3 Nf6 3. e3 g6 4. b3 Bg7 5. Bb2 O-O 6. Be2 Nc6 7. O-O d5 8. d3
Ng4 9. Bxg7 Kxg7 10. Qc1 d4 11. e4 f6 12. Nfd2 Ne3 13. Rf2 e5 14. f5 gxf5 15.
Nf1 f4 16. Nxe3 dxe3 17. Rf1 Nd4 18. Nc3 Qa5 19. Qb2 Qxc3 0-1

[Event "FRA T IV 09-10"]
[Site "Champagne Ardennes"]
[Date "2010.01.24"]
[Round "5"]
[White "Chittier, Celine"]
[Black "Talbot, Remy"]
[Result "1-0"]
[WhiteElo "1870"]
[BlackElo "1740"]
[PlyCount "32"]
[EventDate "2009.11.26"]
[EventType "match"]
[EventCountry "FRA"]

1. Nf3 d5 2. d4 c6 3. Bf4 Nf6 4. e3 Bg4 5. c4 e6 6. Nc3 Ne4 7. a3 Qa5 8. Qb3
Nxc3 9. bxc3 Bxf3 10. gxf3 Nd7 11. cxd5 exd5 12. e4 b5 13. exd5 cxd5 14. Bxb5
Rc8 15. O-O Kd8 16. Qxd5 Rc7 1-0

[Event "FRA T IV 09-10"]
[Site "Champagne Ardennes"]
[Date "2010.01.24"]
[Round "5"]
[White "Fournier, Manuel"]
[Black "Robert Dehault, Etienne"]
[Result "1-0"]
[WhiteElo "1935"]
[BlackElo "1933"]
[PlyCount "31"]
[EventDate "2009.11.26"]
[EventType "match"]
[EventCountry "FRA"]

1. e4 c6 2. d4 d5 3. Nc3 dxe4 4. Nxe4 Nd7 5. Nf3 Ngf6 6. Ng3 c5 7. dxc5 Qa5+ 8.
c3 Qxc5 9. Be3 Qc7 10. Qb3 e6 11. Be2 Bd6 12. O-O O-O 13. Rad1 b6 14. Nd4 a6
15. Nxe6 Nc5 16. Nxc7 1-0

[Event "FRA T IV 09-10"]
[Site "Champagne Ardennes"]
[Date "2010.01.24"]
[Round "5.1"]
[White "Leghbali, Sophiane"]
[Black "Defrance, Laurent"]
[Result "1/2-1/2"]
[WhiteElo "1892"]
[BlackElo "2201"]
[PlyCount "84"]
[EventDate "2009.11.26"]
[EventType "match"]
[EventCountry "FRA"]

1. e4 g6 2. d4 Bg7 3. Nc3 d6 4. Bg5 h6 5. Be3 a6 6. Qd2 Nd7 7. f4 b5 8. Bd3 Bb7
9. Nce2 Ngf6 10. Ng3 Ng4 11. Nf3 c5 12. c3 Nxe3 13. Qxe3 cxd4 14. cxd4 Qa5+ 15.
Qd2 Qb6 16. Qf2 Nf6 17. h3 d5 18. e5 Ne4 19. Bxe4 dxe4 20. Nd2 e3 21. Qxe3 Bxg2
22. Rh2 Bd5 23. Nge4 O-O 24. Nc5 Rfd8 25. Nde4 Rac8 26. Rc2 Bxe4 27. Qxe4 Qa5+
28. Ke2 Qb6 29. Rac1 e6 30. h4 h5 31. Kf3 Qa7 32. Rg1 Qa8 33. Qxa8 Rxa8 34. Ke3
Rdc8 35. Rgc1 Ra7 36. Ne4 Rxc2 37. Rxc2 Bf8 38. Rc8 Kg7 39. Nf6 Rb7 40. Ke4 Ra7
41. d5 exd5+ 42. Kxd5 Bb4 1/2-1/2

[Event "FRA T IV 09-10"]
[Site "Champagne Ardennes"]
[Date "2010.01.24"]
[Round "5.2"]
[White "Dubuisson, Thomas"]
[Black "Flamant, Jacky"]
[Result "0-1"]
[WhiteElo "2003"]
[BlackElo "1883"]
[PlyCount "76"]
[EventDate "2009.11.26"]
[EventType "match"]
[EventCountry "FRA"]

1. e4 e6 2. d4 d5 3. e5 c5 4. c3 Nc6 5. Nf3 Nge7 6. Bd3 Bd7 7. O-O Nf5 8. Bxf5
exf5 9. dxc5 Bxc5 10. Qxd5 Be7 11. Qb3 Qc7 12. Bf4 Be6 13. Qc2 Rd8 14. b3 O-O
15. c4 Nb4 16. Qe2 Nd3 17. Bd2 Rd7 18. Nc3 a6 19. Bg5 Bc5 20. Nd5 Bxd5 21. Qxd3
Be4 22. Qe2 Bd3 23. Qb2 Bxf1 24. Rxf1 Re8 25. Bf4 Qb6 26. Qc2 h6 27. Qxf5 Bxf2+
28. Kh1 Red8 29. g3 Rd1 30. Rxd1 Rxd1+ 31. Kg2 Bc5 32. Qh5 Qe6 33. g4 Ra1 34.
g5 Rxa2+ 35. Kh1 Qf5 36. Bg3 Qc2 37. Qh3 Ra1+ 38. Be1 Qe4 0-1

[Event "FRA T IV 09-10"]
[Site "Champagne Ardennes"]
[Date "2010.01.24"]
[Round "5.3"]
[White "Guyon, Cyndie"]
[Black "Hanot, Wilfried"]
[Result "1/2-1/2"]
[WhiteElo "1899"]
[BlackElo "1891"]
[PlyCount "85"]
[EventDate "2009.11.26"]
[EventType "match"]
[EventCountry "FRA"]

1. d4 Nf6 2. Bg5 e6 3. e3 c6 4. Nd2 d5 5. c3 Be7 6. Bd3 Nbd7 7. f4 h6 8. Bh4 c5
9. Qf3 g6 10. Ne2 b6 11. g4 Ne4 12. Bxe7 Nxd2 13. Kxd2 Qxe7 14. h4 Bb7 15. h5
g5 16. Rhf1 Rf8 17. a4 a6 18. Rac1 Rc8 19. Ng3 Rg8 20. Rf2 cxd4 21. exd4 gxf4
22. Qxf4 Qg5 23. Re1 Qxf4+ 24. Rxf4 Rc6 25. Nf5 Rh8 26. Ne3 Kf8 27. Nc2 Kg7 28.
Ref1 f6 29. Nb4 Rd6 30. Bg6 a5 31. Nd3 Rf8 32. R4f2 Bc8 33. Re1 Nb8 34. b4 Nc6
35. Rf4 axb4 36. Nxb4 Na5 37. Bd3 Re8 38. Ref1 e5 39. dxe5 Rxe5 40. Re1 Rxe1
41. Kxe1 Nb3 42. Bf5 Bb7 43. Kf2 1/2-1/2

[Event "FRA T IV 09-10"]
[Site "Champagne Ardennes"]
[Date "2010.01.24"]
[Round "5.4"]
[White "Peltriaux, Guillaume"]
[Black "Prioux, Michel"]
[Result "1/2-1/2"]
[WhiteElo "1898"]
[BlackElo "1807"]
[PlyCount "85"]
[EventDate "2009.11.26"]
[EventType "match"]
[EventCountry "FRA"]

1. e4 c6 2. c4 d5 3. exd5 cxd5 4. cxd5 Nf6 5. Nc3 Nxd5 6. Nf3 Nxc3 7. bxc3 g6
8. Bb5+ Bd7 9. Bxd7+ Nxd7 10. Ba3 Qa5 11. Qb3 Qb6 12. Rb1 Rb8 13. c4 Bg7 14.
O-O Qc6 15. Rfe1 e6 16. d4 Nb6 17. d5 Qxc4 18. dxe6 Qxb3 19. axb3 f6 20. Nd4
Bf8 21. e7 Bh6 22. Nb5 Bf4 23. Bb2 Kf7 24. g3 a6 25. gxf4 axb5 26. Rbd1 Rhe8
27. Rd6 Nc8 28. Rxf6+ Kg8 29. Rfe6 Kf7 30. Rf6+ Kg8 31. Rfe6 Kf7 32. f5 Nxe7
33. fxg6+ Nxg6 34. Rf6+ Kg8 35. Rc1 Re7 36. Bd4 Rd7 37. Be3 Rbd8 38. Kg2 Ne5
39. Rf4 Rg7+ 40. Kh3 Nd3 41. Rc3 Nxf4+ 42. Bxf4 Rd5 43. Bg3 1/2-1/2

[Event "FRA T IV 09-10"]
[Site "Champagne Ardennes"]
[Date "2010.01.24"]
[Round "5.5"]
[White "Waczecka, Jerome"]
[Black "Glod, Philippe"]
[Result "1-0"]
[WhiteElo "1850"]
[BlackElo "1909"]
[PlyCount "39"]
[EventDate "2009.11.26"]
[EventType "match"]
[EventCountry "FRA"]

1. d4 e6 2. Nf3 b6 3. e4 d5 4. Bd3 Nf6 5. Bg5 Be7 6. Nbd2 dxe4 7. Nxe4 Bb7 8.
Bxf6 Bxf6 9. c3 O-O 10. Qc2 g6 11. O-O-O Nd7 12. h4 Qe7 13. Bb5 c6 14. Bc4 Bg7
15. h5 c5 16. hxg6 hxg6 17. d5 exd5 18. Bxd5 Nf6 19. Nxf6+ Bxf6 20. Qxg6+ 1-0

[Event "FRA T IV 09-10"]
[Site "Champagne Ardennes"]
[Date "2010.01.24"]
[Round "5.6"]
[White "Baret, Benoit"]
[Black "Alcidi, Valentin"]
[Result "0-1"]
[WhiteElo "1620"]
[BlackElo "1815"]
[PlyCount "90"]
[EventDate "2009.11.26"]
[EventType "match"]
[EventCountry "FRA"]

1. d4 Nf6 2. c4 e6 3. Nc3 Bb4 4. Bd2 O-O 5. Qc2 Nc6 6. Nf3 d5 7. c5 Re8 8. Bf4
Ne4 9. e3 b6 10. cxb6 axb6 11. Bb5 Bd7 12. O-O Bxc3 13. bxc3 Ne7 14. Bd3 Ba4
15. Qb1 Nxc3 16. Bxh7+ Kh8 17. Qb2 Ne2+ 18. Qxe2 Kxh7 19. Ng5+ Kg8 20. Qh5 Ng6
21. Qh7+ Kf8 22. Rac1 c6 23. Nf3 Nxf4 24. exf4 Qf6 25. Qh8+ Ke7 26. Qh4 Qxh4
27. Nxh4 Bb5 28. Rfe1 Rxa2 29. Nf5+ Kf6 30. Nd6 Rea8 31. Nxb5 cxb5 32. Rb1 R8a4
33. Rxb5 Rxd4 34. g3 Rdd2 35. Rf1 Rab2 36. Rb1 Rd1+ 37. Rxd1 Rxb5 38. Kf1 Rb2
39. Ke1 Kf5 40. Rd2 Rxd2 41. Kxd2 Kg4 42. h4 b5 43. Kc3 Kf3 44. h5 Kg4 45. f3+
Kxf3 0-1

[Event "FRA T IV 09-10"]
[Site "Champagne Ardennes"]
[Date "2010.01.24"]
[Round "5.7"]
[White "Renard, Luc"]
[Black "Gaubert, Virginie"]
[Result "0-1"]
[WhiteElo "1740"]
[BlackElo "1639"]
[PlyCount "56"]
[EventDate "2009.11.26"]
[EventType "match"]
[EventCountry "FRA"]

1. d4 Nf6 2. Nf3 c5 3. c3 b6 4. Bg5 e6 5. Nbd2 Be7 6. e3 Bb7 7. Bd3 d6 8. O-O
Nbd7 9. Qc2 Rc8 10. Qa4 Bc6 11. Bb5 Bxb5 12. Qxb5 O-O 13. Rfe1 d5 14. Qe2 Re8
15. Bf4 Nf8 16. h3 Ng6 17. Bh2 Bd6 18. Bxd6 Qxd6 19. e4 Nf4 20. Qe3 dxe4 21.
Nxe4 Nxe4 22. Qxe4 cxd4 23. Nxd4 Red8 24. Rab1 Nd5 25. Qe5 Qe7 26. Rbd1 Rc5 27.
Nf5 Qg5 28. f4 Qxf5 0-1